| 000 | 00830nam a2200253 a 4500 | ||
|---|---|---|---|
| 005 | 20140310183354.0 | ||
| 008 | 120918s19uu xx 00 eng d | ||
| 020 | _a9780495804130 | ||
| 050 |
_aBC 177 _b.C39 2010 |
||
| 100 | _aCavender, Nancy | ||
| 245 |
_aLogic and contemporary rhetoric : _bthe use of reason in everyday life / _cNancy Cavender, Howard Kahane. |
||
| 250 | _a11th ed. | ||
| 260 |
_aBelmont, Calif : _bWadsworth Pub. Co, _c2010. |
||
| 300 |
_axv, 412 p. : _bill. ; _c24 cm. |
||
| 500 | _aHoward Kahane as 1t author in previous ed. Includes bibliographical references (p. 375-384) and index | ||
| 650 | _aReasoning | ||
| 650 | _aFallacies (Logic) | ||
| 650 | _aJudgment (Logic) | ||
| 650 | _aMass media | ||
| 650 | _aTextbooks | ||
| 700 | _aKahane, Howard | ||
| 942 |
_cBK _2lcc _kFOR |
||
| 999 |
_c22181 _d22181 |
||